000 01599cam a22004693a 4500
001 14638091
003 OSt
005 20140310184335.0
008 061117s2006 nyuab c 000 1 eng d
010 _a 2006298488
020 _a0439795702 (pbk.)
020 _a1415689733 (BWI bdg.)
020 _a9780439795708
035 _a(OCoLC)ocm71229585
035 _a(OCoLC)71229585
040 _aBKX
_cBKX
_dBAKER
_dDLC
050 0 0 _aPZ 7
_b.L345g11 2006
100 1 _aLasky, Kathryn.
_96040
245 1 0 _aTo be a king /
_cby Kathryn Lasky.
260 _aNew York :
_bScholastic,
_c2006
300 _a206 p. :
_bill., maps ;
_c20 cm.
490 1 _aGuardians of Ga'hoole ;
_vbk. 11
521 0 _aG6
526 _c820
650 0 _aOwls
_vJuvenile fiction.
_924073
650 0 _aLegends
_vJuvenile fiction.
_924074
650 0 _aMagic
_vJuvenile fiction.
_924075
650 0 _aGood and evil
_vJuvenile fiction.
_924076
650 1 _aOwls
_vFiction.
_924077
650 1 _aFolklore
_vFiction.
_924078
650 1 _aMagic
_vFiction.
_924079
650 1 _aGood and evil
_vFiction.
_924080
650 1 _aFantasy.
_93293
655 7 _aFantasy fiction.
_2gsafd
_93053
800 1 _aLasky, Kathryn.
_tGuardians of Ga'Hoole ;
_vbk. 11
_924081
906 _a7
_bcbc
_ccopycat
_d2
_encip
_f20
_gy-gencatlg
942 _2lcc
_cBK-SCHOLAS
999 _c33723
_d33723